I Can See You - Taylor Swift Lyrics - Statistics

General Stats
  • This quiz has been taken 10 times
  • The average score is 351 of 422
Answer Stats
Answer % Correct
a
100%
and
100%
can
100%
do
100%
I
100%
(I
100%
I)
100%
me
100%
see
100%
the
100%
to
100%
what
100%
you
100%
addiction
83%
against
83%
baby
83%
been
83%
being
83%
brush
83%
could
83%
don't
83%
feel
83%
hall
83%
hallway
83%
if
83%
in
83%
i've
83%
knew
83%
my
83%
not
83%
on
83%
only
83%
past
83%
that
83%
then
83%
think
83%
touch
83%
up
83%
wall
83%
watchin'
83%
we
83%
with
83%
would
83%
ages
67%
as
67%
but
67%
down
67%
even
67%
ever
67%
everything
67%
floor
67%
for
67%
it
67%
kept
67%
kiss
67%
know
67%
made
67%
mission
67%
more
67%
necktie
67%
never
67%
now
67%
oh
67%
professional
67%
secret
67%
so
67%
suit
67%
time
67%
tryin'
67%
want
67%
went
67%
wont
67%
won't
67%
ya
67%
yeah
67%
your
67%
behaving
50%
eyes
50%
found
50%
from
50%
head
50%
inside
50%
it's
50%
jacket
50%
keep
50%
make
50%
meet
50%
night
50%
note
50%
out
50%
quiet
50%
sayin'
50%
somethin'
50%
sound
50%
spend
50%
start
50%
tell
50%
they
50%
us
50%
wait
50%
waitin'
50%
will
50%
believe
33%
best
33%
'cause
33%
changed
33%
fast
33%
half
33%
happened
33%
haven't
33%
like
33%
move
33%
myself
33%
something's
33%
things
33%
throw
33%
'til
33%
watchful
33%
yet
33%
away
17%
hide
17%
passed
17%
No matching quizzes found
Score Distribution
Percent of People with Each Score
Percentile by Number Answered
Your Score History
You have not taken this quiz